| 000 | 00807nam a22002055i 4500 | ||
|---|---|---|---|
| 001 | 160104 | ||
| 003 | ES-MaACL | ||
| 005 | 20251010185508.0 | ||
| 008 | 010605s1894 xxuaf |||| | spa d | ||
| 040 |
_aCCPB | B _bspa _cCCPB | B |
||
| 100 | 1 |
_aMontoro, Rafael, _d1852-1933 _982692 |
|
| 245 | 1 | 0 |
_aDiscursos políticos y parlamentarios _b: informes y disertaciones / _cpor Rafael Montoro. |
| 260 |
_aFiladelfia : _b[s.n.], _c1894 ( _fLa Compañía Lévytype) |
||
| 300 |
_aXXXVIII, 596 p., [1] h. de grab. ; _c27 cm. |
||
| 600 | 0 |
_aMontoro, Rafael, _d1852-1933- _xActividad política _9223275 |
|
| 752 |
_aEstados Unidos - _dFiladelfia |
||
| 852 |
_aES-MaACL _jG-6596 _z-- Rust. _z-- Posible duplicado CCPB000499628-3 |
||
| 852 |
_aES-MaACL _jG-11846 _z-- Enc. hol. |
||
| 999 |
_c160104 _d160104 |
||